| 000 | 00761nam a2200241 a 4500 | ||
|---|---|---|---|
| 001 | 13897 | ||
| 003 | BD-JhCC | ||
| 005 | 20240513090758.0 | ||
| 008 | 171024s2007 bg |||| ||a| 000 0 ben d | ||
| 020 | _a9844220677 | ||
| 035 | _a(BD-JhCC)13897 | ||
| 040 |
_aBD-JhCC _dBD-JhCC |
||
| 041 | _aben | ||
| 082 |
_a153.42 _bKAM 2007 |
||
| 100 | _aকামাল, ডা. মোহিত | ||
| 245 |
_aমানব মনের উদ্বেগ ও বিষন্নতা / _c ডা. মোহিত কামাল |
||
| 260 |
_aঢাকা : _bবিদ্যা প্রকাশ, _c২০০৭. |
||
| 300 |
_a১৬৮ পৃ . : _c২১ সেমি. |
||
| 650 | _aBrain | ||
| 650 | _athough and thinking | ||
| 942 |
_2ddc _cBK |
||
| 999 |
_c13897 _d13897 |
||